1579 1115 1070 1784 1366 1633 1474 1713 1381 1593 1073 1024 1825 1822 1797 1683 1595 1681 1895 1111 1067 1529 1902 1723 1179 1940 1903 1753 1476 1357 1701 1650 1838 1962 1795 1994 1818 1403 1763 1001 1442 1195 1906 1072 1523 1654 1469 1520 1633 1038 1554 1290 1553 1090 1820 1258 1033 1607 1402 1320 1108 1150 1277 1884 1151 1338 1954 1077 1321 1822 1260 1403 1534 1233 1689 1862 1527 1375 1682 1715 1181 1540 1682 1641 1786 1144 1543 1341 1557 1013 1127 1042 1888 1459 1677 1403 1228 1993 1560 BCNSPRNW ULIB Ver.6.0+V

เปลี่ยนเป็นภาษาไทย

Change to English
 แสดงรายละเอียดบรรณานุกรม
  กลับหน้าหลัก

Brief Record : Get Marc (ISO 2709) : E-mail record : QR code < ปิดหน้าต่าง
LEADER : 00000nam 2200000uu 4500
001    13399128057
003     ULIB
008    220202s2563||||th 000 0 tha d
020    ^a9786168243503
050    ^aนว.^bม-ล
100    ^aเมษาริน
245    ^aเล่ห์พระจันทร์
250    ^aพิมพ์ครั้งที่ 1
260    ^aกรุงเทพฯ :^bสำนักพิมพ์ดีบุ๊คส์,^c2563
300    ^a399 หน้า;^b21 ซม.
650    ^aนวนิยาย
945    ^p310^l0^i29202
999    ^aกัณชพร จุลอักษร
รายการนี้ยังไม่มีแท็ก
คุณยังไม่ได้ล็อกอิน คุณสามารถมีกิจกรรมร่วมกับเว็บไซต์ได้ แต่ต้องล็อกอินก่อน ::
  ล็อกอิน

รายการสื่อสารสนเทศ

ลำดับที่ ประเภท เลขเรียก/บาร์โค้ด สถานที่ สถานะ
1. วิทยาศาสตร์การแพทย์ และสุขภาพ
วิทยาศาสตร์การแพทย์ และสุขภาพ
นว. ม-ล ฉ.1 
  Barcode: 29202
ห้องสมุดวิทยาเขตนครสวรรค์
►นวนิยาย:l:Fiction
บนชั้น

รายการใกล้เคียง
    ชื่อเรื่อง [เล่ห์พระจันทร์]

    ผู้แต่ง [เมษาริน]

    หัวเรื่อง [นวนิยาย]

BibComment


ยังไม่เคยถูกคอมเมนท์

คอมเมนท์ทรัพยากรรายการนี้
  คอมเมนท์: เล่ห์พระจันทร์


 Copyright 2026. Bcnsprnw @Library